00973nam a22001457a 450000500170000000800410001702000180005805000150007610000030009124500260009426000500012030000460017050000200021650505910023620240716110350.0240716b ||||| |||| 00| 0 eng d a9781133963394 aLB1025.K81  aTeach /cJanice Koch. aBelmont :bWadworth/ Cengage Learning,c2014. axiii, 210+ pagings :bill., col. ;c28cm. aIncludes index. aContents : Part 1 :Thinking about teaching : making the decision: Becoming a teacher: looking foward and backward at the same time -- Teaching stories: -- Part 2 : The evolution of schools and teaching practices: A history of schooling in America -- Exploring the nature of teaching and learning -- Part 3 : Looking at today's schools: Who are today's students -- Contemporary trends in education -- The digital revolution and education -- Globalization and education -- Part 4 : Classrooms, communities, and you: The classroom as community -- Making the decision to become a teacher.